[Event "Canadian op"]
[Site "Calgary"]
[Date "2023.07.23"]
[Round "3"]
[White "Douglas, Richard"]
[Black "Sazon, Omar"]
[Result "1-0"]
[WhiteElo "1679"]
[BlackElo "1561"]
[PlyCount "77"]
[EventDate "2023.07.22"]
[EventType "swiss"]
[EventRounds "10"]
[EventCountry "CAN"]
[SourceTitle "EXT 2024"]
[Source "ChessBase"]
[SourceDate "2023.10.10"]
[SourceVersion "1"]
[SourceVersionDate "2023.10.10"]
[SourceQuality "1"]

1. f4 d5 2. Nf3 c5 3. e3 a6 4. Be2 Nc6 5. 0-0 Nf6 6. d3 e6 7. Qe1 Bd6 8. Nc3 b5 9. e4 c4 10. Kh1 Bc5 11. e5 Ng4 12. d4 Be7 13. Qg3 h5 14. h3 Qb6 15. hxg4 hxg4+ 16. Nh2 Nxd4 17. Bxg4 Nxc2 18. Rb1 Bb7 19. Bf3 Bh4 20. Qg4 0-0-0 21. f5 Rh7 22. Bf4 Rdh8 23. fxe6 Ne3 24. Bxe3 Qxe3 25. exf7+ Kb8 26. Be4 Bc8 27. f8Q Bd8 28. Qxh8 Rxh8 29. Nxd5 Rxh2+ 30. Kxh2 Qh6+ 31. Qh3 Bxh3 32. gxh3 g5 33. Nf6 Bc7 34. Ng4 Qg7 35. Rf5 Qd7 36. Rbf1 Qd2+ 37. R1f2 Qc1 38. Rf8+ Ka7 39. R2f6 1-0

[Event "Toronto Scarborough CC Frost op"]
[Site "Toronto"]
[Date "2010.02.11"]
[Round "6"]
[White "Douglas, Richard"]
[Black "Hall, John2222"]
[Result "0-1"]
[WhiteElo "1870"]
[BlackElo "2270"]
[PlyCount "54"]
[EventDate "2010.01.07"]
[EventType "swiss"]
[EventRounds "6"]
[EventCountry "CAN"]
[SourceTitle "EXT 2011"]
[Source "ChessBase"]
[SourceDate "2010.11.26"]
[SourceVersion "1"]
[SourceVersionDate "2010.11.26"]
[SourceQuality "1"]

1. e4 d6 2. Bc4 Nf6 3. Qe2 e5 4. h3 g6 5. c3 Bg7 6. Nf3 0-0 7. d4 exd4 8. Bg5 h6 9. Bxf6 Qxf6 10. cxd4 Nc6 11. Nc3 Nxd4 12. Nxd4 Qxd4 13. 0-0 Be6 14. Bxe6 fxe6 15. Rac1 a6 16. a3 Rf7 17. Rfd1 Qe5 18. Na4 Raf8 19. Rc2 b5 20. Nc3 Qg5 21. Rd3 Be5 22. Nd1 c5 23. Ne3 Rxf2 24. Qxf2 Rxf2 25. Rxf2 c4 26. Rdd2 Qxe3 27. Rde2 Qc1+ 0-1

[Event "Toronto Howard Ridout op"]
[Site "Toronto"]
[Date "2009.10.15"]
[Round "6"]
[White "Douglas, Richard"]
[Black "Verde, Pino"]
[Result "1-0"]
[WhiteElo "1859"]
[BlackElo "1757"]
[PlyCount "59"]
[EventDate "2009.09.10"]
[EventType "swiss"]
[EventRounds "8"]
[EventCountry "CAN"]
[SourceTitle "EXT 2011"]
[Source "ChessBase"]
[SourceDate "2010.11.26"]
[SourceVersion "1"]
[SourceVersionDate "2010.11.26"]
[SourceQuality "1"]

1. e4 d6 2. Bc4 Nf6 3. Qe2 Nbd7 4. Nf3 h6 5. d4 e5 6. Nc3 c6 7. dxe5 dxe5 8. Be3 Bb4 9. Bd2 0-0 10. g4 a5 11. g5 hxg5 12. Nxg5 b5 13. Bd3 Nc5 14. Rg1 Nxd3+ 15. cxd3 Be7 16. 0-0-0 b4 17. Na4 Ba6 18. Be3 c5 19. b3 Bb5 20. Nf3 Qc7 21. Bh6 Ne8 22. Nd2 Qd6 23. Qh5 Bxa4 24. Nc4 Qd4 25. Bxg7 Qa1+ 26. Kd2 Qc3+ 27. Ke2 Qc2+ 28. Ke3 Nxg7 29. Rxg7+ Kxg7 30. Rg1+ 1-0

[Event "Scarborough CC Spring Swiss"]
[Site "Toronto"]
[Date "2008.03.27"]
[Round "3"]
[White "Douglas, Richard"]
[Black "Moran Venegas, Mario"]
[Result "0-1"]
[WhiteElo "1781"]
[BlackElo "1707"]
[PlyCount "76"]
[EventDate "2008.03.13"]
[EventType "swiss"]
[EventRounds "8"]
[EventCountry "CAN"]
[SourceTitle "EXT 2011"]
[Source "ChessBase"]
[SourceDate "2010.11.26"]
[SourceVersion "1"]
[SourceVersionDate "2010.11.26"]
[SourceQuality "1"]

1. e4 e5 2. Nf3 Nc6 3. Bc4 Nf6 4. d3 d6 5. Ng5 d5 6. exd5 Nxd5 7. 0-0 f6 8. Ne4 Be6 9. Bxd5 Qxd5 10. Nbc3 Qd7 11. f4 0-0-0 12. fxe5 Nxe5 13. Bf4 Qd4+ 14. Kh1 a6 15. a3 Ng4 16. Qd2 g5 17. Bg3 h5 18. Ne2 Qxe4 19. Rae1 Qe3 20. Qa5 Qc5 21. Qxc5 Bxc5 22. d4 Bd6 23. Bxd6 Rxd6 24. c3 Bc4 25. h3 Ne3 26. Rf2 f5 27. Ng3 f4 28. Ne4 Rg6 29. Nc5 b6 30. b3 bxc5 31. bxc4 cxd4 32. cxd4 Nxc4 33. a4 Rd6 34. Re4 Rhd8 35. d5 Ne3 36. h4 Rxd5 37. hxg5 Rd1+ 38. Kh2 Ng4+ 0-1

[Event "Scarborough CC Spring Swiss"]
[Site "Toronto"]
[Date "2007.03.29"]
[Round "3"]
[White "Aniag, Danilo"]
[Black "Douglas, Richard"]
[Result "1/2-1/2"]
[WhiteElo "1956"]
[BlackElo "1760"]
[PlyCount "100"]
[EventDate "2007.03.15"]
[EventType "swiss"]
[EventRounds "8"]
[EventCountry "CAN"]
[SourceTitle "EXT 2022"]
[Source "ChessBase"]
[SourceDate "2021.10.06"]
[SourceVersion "1"]
[SourceVersionDate "2021.10.06"]
[SourceQuality "1"]

1. d4 Nf6 2. c4 g6 3. Nc3 Bg7 4. Nf3 0-0 5. g3 d6 6. Bg2 c5 7. 0-0 Nc6 8. dxc5 dxc5 9. Be3 Nd7 10. Qa4 Qa5 11. Qb3 Qb4 12. Nd5 Qxb3 13. axb3 Bxb2 14. Ra2 Bg7 15. Rd1 e6 16. Nc7 Rb8 17. Nb5 a6 18. Nd6 Rd8 19. Nxc8 Rbxc8 20. Rad2 Ncb8 21. Ng5 Rc7 22. Ne4 Rf8 23. Bg5 f6 24. Bh3 f5 25. Nd6 Nf6 26. e4 h6 27. Bf4 g5 28. Be3 g4 29. e5 Nfd7 30. Bg2 b6 31. Bf4 Nxe5 32. Re2 Nbd7 33. Bb7 a5 34. Bg2 h5 35. Nb5 Rcc8 36. Rd6 Rfe8 37. Red2 Re7 38. Bg5 Nf6 39. Rxb6 a4 40. Nd6 Rcc7 41. bxa4 Nf7 42. Rb8+ Kh7 43. Bxf6 Bxf6 44. Ne8 Bg5 45. Nxc7 Bxd2 46. Nb5 Ne5 47. Rd8 Bb4 48. Nd6 Ra7 49. Ra8 Rd7 50. Ra6 Nd3 1/2-1/2

[Event "Scarborough CC Late Fall Swiss"]
[Site "Toronto"]
[Date "2006.11.16"]
[Round "2"]
[White "Graham, John"]
[Black "Douglas, Richard"]
[Result "0-1"]
[WhiteElo "1432"]
[BlackElo "1689"]
[PlyCount "130"]
[EventDate "2006.11.02"]
[EventType "swiss"]
[EventRounds "8"]
[EventCountry "CAN"]
[SourceTitle "EXT 2022"]
[Source "ChessBase"]
[SourceDate "2021.10.06"]
[SourceVersion "1"]
[SourceVersionDate "2021.10.06"]
[SourceQuality "1"]

1. e4 Nf6 2. Nc3 d5 3. exd5 Nxd5 4. Nge2 Nc6 5. g3 Bg4 6. Bg2 Nxc3 7. bxc3 Qd7 8. 0-0 e5 9. Qe1 Be7 10. Bb2 0-0 11. d4 Bh3 12. Bxh3 Qxh3 13. d5 Nd8 14. c4 f6 15. Rd1 Nf7 16. Qa5 b6 17. Qc3 Bc5 18. Ba3 Bxa3 19. Qxa3 Ng5 20. f4 exf4 21. Nxf4 Qg4 22. Rde1 Rfe8 23. Re7 Rxe7 24. Qxe7 Rc8 25. Kg2 Qf5 26. Rf2 Qe4+ 27. Qxe4 Nxe4 28. Re2 f5 29. a3 Kf7 30. Ne6 h6 31. Re3 c6 32. Rf3 g6 33. g4 Nd6 34. gxf5 gxf5 35. Nd4 cxd5 36. Nxf5 Nxf5 37. Rxf5+ Kg6 38. Rxd5 Rxc4 39. Rd6+ Kg5 40. Rd5+ Kg4 41. Rd2 Rc3 42. Rd4+ Kg5 43. Rd5+ Kf4 44. Rd4+ Ke5 45. Rd2 Rxa3 46. Rf2 Rc3 47. Re2+ Kd6 48. Rf2 Kc7 49. Rf7+ Kb8 50. Rf2 a5 51. Rf6 Rxc2+ 52. Kg3 Rb2 53. Rxh6 a4 54. Rh5 a3 55. Rh8+ Kb7 56. Rh7+ Ka6 57. Rh8 Rb3+ 58. Kg4 b5 59. h4 Rb4+ 60. Kg5 Ra4 61. Rh6+ Kb7 62. Rh7+ Kb6 63. Rh6+ Kc5 64. Rf6 a2 65. Rf5+ Kb6 0-1